<?xml version="1.0" encoding="UTF-8"?>
<record
    xmlns:xsi="http://www.w3.org/2001/XMLSchema-instance"
    xsi:schemaLocation="http://www.loc.gov/MARC21/slim http://www.loc.gov/standards/marcxml/schema/MARC21slim.xsd"
    xmlns="http://www.loc.gov/MARC21/slim">

  <leader>02633nam a2200421 a 4500</leader>
  <controlfield tag="003">CHAP</controlfield>
  <controlfield tag="005">20250506123822.0</controlfield>
  <controlfield tag="007">ta</controlfield>
  <controlfield tag="008">240430t2014    mx a|||gr|||| 001 0 spa d</controlfield>
  <datafield tag="020" ind1=" " ind2=" ">
    <subfield code="a">978-607-17-1890-7</subfield>
  </datafield>
  <datafield tag="040" ind1=" " ind2=" ">
    <subfield code="a">Z</subfield>
    <subfield code="c">CHAP</subfield>
    <subfield code="e">rda</subfield>
  </datafield>
  <datafield tag="041" ind1="0" ind2=" ">
    <subfield code="b">Espa&#xF1;ol</subfield>
    <subfield code="f">Espa&#xF1;ol</subfield>
  </datafield>
  <datafield tag="082" ind1="0" ind2="0">
    <subfield code="a">637.1</subfield>
    <subfield code="b">E43 2014</subfield>
    <subfield code="2">20</subfield>
  </datafield>
  <datafield tag="245" ind1="0" ind2="0">
    <subfield code="a">Elaboraci&#xF3;n de productos l&#xE1;cteos /</subfield>
    <subfield code="c">basado en el trabajo de Marco R. Meyer; colaboraci&#xF3;n F. R. Kirchner Salinas, C. Usami Olmos, Johan D Berlijn, J. Medina Figueroa; revisi&#xF3;n F. Orozco Luna</subfield>
  </datafield>
  <datafield tag="250" ind1=" " ind2=" ">
    <subfield code="a">Cuarta edici&#xF3;n</subfield>
  </datafield>
  <datafield tag="264" ind1=" " ind2="1">
    <subfield code="a"> M&#xE9;xico, D: F. :</subfield>
    <subfield code="b">Trillas,</subfield>
    <subfield code="c">&#xA9;2014</subfield>
  </datafield>
  <datafield tag="300" ind1=" " ind2=" ">
    <subfield code="a">151 p&#xE1;ginas :</subfield>
    <subfield code="b">ilustraciones, tablas</subfield>
  </datafield>
  <datafield tag="336" ind1=" " ind2=" ">
    <subfield code="2">rdacontent</subfield>
    <subfield code="a">texto</subfield>
    <subfield code="b">txt</subfield>
  </datafield>
  <datafield tag="337" ind1=" " ind2=" ">
    <subfield code="2">rdamedia</subfield>
    <subfield code="a">sin medio</subfield>
    <subfield code="b">n</subfield>
  </datafield>
  <datafield tag="338" ind1=" " ind2=" ">
    <subfield code="2">rdacarrier</subfield>
    <subfield code="a">volumen</subfield>
    <subfield code="b">nc</subfield>
  </datafield>
  <datafield tag="490" ind1="1" ind2=" ">
    <subfield code="a">Manuales para educaci&#xF3;n agropecuaria : &#xC1;rea industrias rurales (Trillas)</subfield>
  </datafield>
  <datafield tag="500" ind1=" " ind2=" ">
    <subfield code="a">ej.1 - ej.3: consumo</subfield>
  </datafield>
  <datafield tag="505" ind1=" " ind2=" ">
    <subfield code="a">1. Introducci&#xF3;n.-- 2. Leche.-- 3. M&#xE9;todos de conservaci&#xF3;n.-- 4. Recepci&#xF3;n e higienizaci&#xF3;n.-- 5. Leche de consumo.-- 6. Leche concentrada.-- 7. Leche en polvo.-- 8. Cultivos l&#xE1;cticos.-- 9. Mantequilla y crema.-- 10. Leche fermentada.-- 11. Quesos.-- 12. Quesos frescos.-- 13. Quesos de pasta blanda.-- 14. Quesos de pasta firme.-- 15. Quesos de pasta dura.-- 16. Quesos procesados.-- 17. Aprovechamiento del suero quesero. </subfield>
  </datafield>
  <datafield tag="520" ind1=" " ind2=" ">
    <subfield code="a">La industria rural juega un papel muy importante en la transformaci&#xF3;n de materias primas tanto de origen animal como vegetal, con el fin de obtener mejores productos alimenticios y subproductos &#xFA;tiles a la poblaci&#xF3;n.La leche y sus derivados son fundamentales en la alimentaci&#xF3;n humana. Este manual se enfoca a la producci&#xF3;n de leche de consumo limpia y sana, as&#xED; como a su transformaci&#xF3;n en diferentes productos comestibles de larga duraci&#xF3;n. Sus p&#xE1;ginas describen e ilustran de manera detallada los talleres y utensilios necesarios en la elaboraci&#xF3;n y conservaci&#xF3;n de productos l&#xE1;cteos, y su control de calidad </subfield>
  </datafield>
  <datafield tag="534" ind1=" " ind2=" ">
    <subfield code="p">T&#xED;tulo original:</subfield>
  </datafield>
  <datafield tag="650" ind1="1" ind2="3">
    <subfield code="9">92124</subfield>
    <subfield code="a">Productos l&#xE1;cteos</subfield>
  </datafield>
  <datafield tag="650" ind1="1" ind2="3">
    <subfield code="9">57819</subfield>
    <subfield code="a">Industria lechera</subfield>
  </datafield>
  <datafield tag="650" ind1="1" ind2="3">
    <subfield code="9">65357</subfield>
    <subfield code="a">Leche</subfield>
    <subfield code="x">productos derivados</subfield>
  </datafield>
  <datafield tag="650" ind1="1" ind2="3">
    <subfield code="9">142512</subfield>
    <subfield code="a">Quesos</subfield>
  </datafield>
  <datafield tag="700" ind1="1" ind2=" ">
    <subfield code="9">75294</subfield>
    <subfield code="a">Meyer, Marco R.</subfield>
    <subfield code="e">autor</subfield>
  </datafield>
  <datafield tag="700" ind1="1" ind2=" ">
    <subfield code="9">131124</subfield>
    <subfield code="a">Kirchner Salinas, F. R.</subfield>
    <subfield code="e">colaborador</subfield>
  </datafield>
  <datafield tag="700" ind1="1" ind2=" ">
    <subfield code="a">Olmos, Usami C. R.</subfield>
    <subfield code="e">colaborador</subfield>
    <subfield code="9">187561</subfield>
  </datafield>
  <datafield tag="700" ind1="1" ind2=" ">
    <subfield code="9">11826</subfield>
    <subfield code="a">Berlijn, Johan D.</subfield>
    <subfield code="e">colaborador</subfield>
  </datafield>
  <datafield tag="700" ind1="1" ind2=" ">
    <subfield code="9">187551</subfield>
    <subfield code="a">Medina Figueroa, J.</subfield>
    <subfield code="e">colaborador</subfield>
  </datafield>
  <datafield tag="700" ind1="1" ind2=" ">
    <subfield code="9">83683</subfield>
    <subfield code="a">Orozco Luna, F.</subfield>
    <subfield code="e">revisi&#xF3;n</subfield>
  </datafield>
  <datafield tag="830" ind1=" " ind2="0">
    <subfield code="9">188867</subfield>
    <subfield code="a">Manuales para educaci&#xF3;n agropecuaria : &#xC1;rea industrias rurales (Trillas)</subfield>
  </datafield>
  <datafield tag="942" ind1=" " ind2=" ">
    <subfield code="2">ddc</subfield>
    <subfield code="c">LIBRO</subfield>
  </datafield>
  <datafield tag="999" ind1=" " ind2=" ">
    <subfield code="c">219896</subfield>
    <subfield code="d">219896</subfield>
  </datafield>
  <datafield tag="952" ind1=" " ind2=" ">
    <subfield code="0">0</subfield>
    <subfield code="1">0</subfield>
    <subfield code="2">ddc</subfield>
    <subfield code="4">0</subfield>
    <subfield code="5">1</subfield>
    <subfield code="7">0</subfield>
    <subfield code="8">GRAL</subfield>
    <subfield code="a">Z</subfield>
    <subfield code="b">Z</subfield>
    <subfield code="d">2018-11-19</subfield>
    <subfield code="e">Compra Libreria UACh No. 37337</subfield>
    <subfield code="i">Consumo</subfield>
    <subfield code="l">0</subfield>
    <subfield code="o">637.1 E43 2014</subfield>
    <subfield code="p">5102007435</subfield>
    <subfield code="r">2024-04-30 00:00:00</subfield>
    <subfield code="t">Ej.1</subfield>
    <subfield code="w">2024-04-30</subfield>
    <subfield code="y">LIBRO</subfield>
  </datafield>
  <datafield tag="952" ind1=" " ind2=" ">
    <subfield code="0">0</subfield>
    <subfield code="1">0</subfield>
    <subfield code="2">ddc</subfield>
    <subfield code="4">0</subfield>
    <subfield code="5">5</subfield>
    <subfield code="7">0</subfield>
    <subfield code="8">GRAL</subfield>
    <subfield code="a">Z</subfield>
    <subfield code="b">Z</subfield>
    <subfield code="d">2018-11-19</subfield>
    <subfield code="e">Compra Libreria UACh No. 37337</subfield>
    <subfield code="i">Consumo</subfield>
    <subfield code="l">0</subfield>
    <subfield code="o">637.1 E43 2014</subfield>
    <subfield code="p">5102007436</subfield>
    <subfield code="r">2024-05-02 00:00:00</subfield>
    <subfield code="t">Ej.2</subfield>
    <subfield code="w">2024-05-02</subfield>
    <subfield code="y">LIBRO</subfield>
  </datafield>
  <datafield tag="952" ind1=" " ind2=" ">
    <subfield code="0">0</subfield>
    <subfield code="1">0</subfield>
    <subfield code="2">ddc</subfield>
    <subfield code="4">0</subfield>
    <subfield code="5">5</subfield>
    <subfield code="7">0</subfield>
    <subfield code="8">GRAL</subfield>
    <subfield code="a">Z</subfield>
    <subfield code="b">Z</subfield>
    <subfield code="d">2018-11-19</subfield>
    <subfield code="e">Compra Libreria UACh No. 37337</subfield>
    <subfield code="i">Consumo</subfield>
    <subfield code="l">2</subfield>
    <subfield code="o">637.1 E43 2014</subfield>
    <subfield code="p">5102007437</subfield>
    <subfield code="r">2024-05-13 00:00:00</subfield>
    <subfield code="s">2024-05-13</subfield>
    <subfield code="t">Ej.3</subfield>
    <subfield code="w">2024-05-02</subfield>
    <subfield code="y">LIBRO</subfield>
  </datafield>
</record>
